Mineral commodities of California; (Record no. 29241)

MARC details
000 -LEADER
fixed length control field 01042cam a22002771 4500
001 - CONTROL NUMBER
control field gs 58000155
003 - CONTROL NUMBER IDENTIFIER
control field DLC
005 - DATE AND TIME OF LATEST TRANSACTION
control field 20260227111406.0
008 - FIXED-LENGTH DATA ELEMENTS--GENERAL INFORMATION
fixed length control field 761110s1957 cauab b 000 0 eng c
010 ## - LIBRARY OF CONGRESS CONTROL NUMBER
LC control number gs 58000155
035 ## - SYSTEM CONTROL NUMBER
System control number (OCoLC)2550810
040 ## - CATALOGING SOURCE
Original cataloging agency U.S. Geol. Survey. Libr.
Transcribing agency OT
Modifying agency WaChenE
-- DLC
050 00 - LIBRARY OF CONGRESS CALL NUMBER
Classification number TN24.C2
Item number A3 no. 176
051 ## - LIBRARY OF CONGRESS COPY, ISSUE, OFFPRINT STATEMENT
Classification number TN24.C2
Item number A5 1957
Copy information Copy 2.
082 ## - DEWEY DECIMAL CLASSIFICATION NUMBER
Classification number 553
110 1# - MAIN ENTRY--CORPORATE NAME
Corporate name or jurisdiction name as entry element California.
Subordinate unit Division of Mines.
245 10 - TITLE STATEMENT
Title Mineral commodities of California;
Remainder of title geologic occurrence, economic development, and utilization of the state's mineral resources.
Statement of responsibility, etc. Prepared under the direction of Olaf P. Jenkins. Edited by Lauren A. Wright.
260 ## - PUBLICATION, DISTRIBUTION, ETC.
Place of publication, distribution, etc. San Francisco,
Date of publication, distribution, etc. 1957.
300 ## - PHYSICAL DESCRIPTION
Extent 736 p.
Other physical details illus., maps
Dimensions 28 cm.
490 1# - SERIES STATEMENT
Series statement Its Bulletin
Volume/sequential designation 176
500 ## - GENERAL NOTE
General note "Revision of Bulletin 156."
504 ## - BIBLIOGRAPHY, ETC. NOTE
Bibliography, etc. note Includes bibliographies.
650 #0 - SUBJECT ADDED ENTRY--TOPICAL TERM
Topical term or geographic name entry element Mines and mineral resources
Geographic subdivision California.
650 #0 - SUBJECT ADDED ENTRY--TOPICAL TERM
Topical term or geographic name entry element Mineral industries
Geographic subdivision California.
830 #0 - SERIES ADDED ENTRY--UNIFORM TITLE
Uniform title Bulletin (California. Division of Mines) ;
Volume/sequential designation no. 176.

No items available.

Powered by Koha